[Event "Riga Tal Memorial rapid"]
[Site "Riga"]
[Date "2019.07.16"]
[Round "1"]
[White "Vitiugov, Nikita"]
[Black "Kadonas, Kestutis"]
[Result "1-0"]
[WhiteElo "2727"]
[BlackElo "1760"]
[PlyCount "35"]
[EventDate "2019.07.16"]
[EventType "swiss (rapid)"]
[EventRounds "11"]
[EventCountry "LAT"]
[SourceTitle "CBM 191 Extra"]
[Source "ChessBase"]
[SourceDate "2019.09.30"]
[SourceVersion "1"]
[SourceVersionDate "2019.09.30"]
[SourceQuality "1"]

1. e4 d6 2. d4 g6 3. Nc3 Nf6 4. Be3 Bg7 5. Qd2 0-0 6. Nf3 Re8 7. Bh6 Bh8 8. 0-0-0 c6 9. h4 b5 10. Bd3 Qa5 11. Kb1 Be6 12. a3 Na6 13. e5 dxe5 14. Nxe5 Rec8 15. h5 b4 16. Qg5 bxc3 17. hxg6 fxg6 18. Bxg6 1-0

[Event "LTU-ch"]
[Site "Vilnius"]
[Date "2017.02.26"]
[Round "2"]
[White "Kadonas, Kestutis"]
[Black "Chocenka, Dmitrijus"]
[Result "0-1"]
[WhiteElo "1843"]
[BlackElo "2216"]
[PlyCount "50"]
[EventDate "2017.02.25"]
[EventType "swiss"]
[EventRounds "9"]
[EventCountry "LTU"]
[SourceTitle "CBM 177 Extra"]
[Source "ChessBase"]
[SourceDate "2017.04.27"]
[SourceVersion "1"]
[SourceVersionDate "2017.04.27"]
[SourceQuality "1"]

1. e4 c5 2. f4 d5 3. e5 Nc6 4. Nf3 Bg4 5. c3 e6 6. Bb5 Qb6 7. Ba4 Nge7 8. 0-0 Nf5 9. d3 Be7 10. h3 Bxf3 11. Qxf3 h5 12. g4 hxg4 13. hxg4 Nh4 14. Qf2 0-0-0 15. Nd2 g5 16. Bxc6 Qxc6 17. f5 exf5 18. gxf5 g4 19. f6 Rdg8 20. Qf4 Bd8 21. d4 cxd4 22. cxd4 Qc2 23. b4 Nf3+ 24. Kg2 Rh2+ 25. Kg3 Qh7 0-1

[Event "LTU-ch"]
[Site "Vilnius"]
[Date "2017.02.26"]
[Round "3"]
[White "Leclere, Daniel"]
[Black "Kadonas, Kestutis"]
[Result "1/2-1/2"]
[WhiteElo "1418"]
[BlackElo "1843"]
[PlyCount "166"]
[EventDate "2017.02.25"]
[EventType "swiss"]
[EventRounds "9"]
[EventCountry "LTU"]
[SourceTitle "CBM 177 Extra"]
[Source "ChessBase"]
[SourceDate "2017.04.27"]
[SourceVersion "1"]
[SourceVersionDate "2017.04.27"]
[SourceQuality "1"]

1. e4 d6 2. d4 g6 3. Nf3 Nf6 4. Nc3 Bg7 5. Be2 0-0 6. 0-0 Nbd7 7. Re1 c6 8. a4 a6 9. a5 b5 10. axb6 Qxb6 11. Bf1 e5 12. Na4 Qa7 13. dxe5 Ng4 14. Qd4 Qxd4 15. Nxd4 c5 16. Nc6 Ndxe5 17. Ne7+ Kh8 18. Nxc8 Raxc8 19. h3 Nh6 20. Bxa6 Rcd8 21. Bf1 f5 22. Bxh6 Bxh6 23. Rad1 Bg7 24. exf5 gxf5 25. f4 Ng6 26. g3 Bd4+ 27. Kg2 Rg8 28. c3 Bf6 29. Kh2 h5 30. Re6 Be7 31. Rde1 h4 32. Rxg6 Rxg6 33. Rxe7 hxg3+ 34. Kg2 Ra8 35. Nb6 Ra2 36. Re2 Rg8 37. Nd5 Rb8 38. Kxg3 Raxb2 39. Rxb2 Rxb2 40. Bg2 Rd2 41. c4 Kg7 42. Ne3 Kg6 43. Bc6 Rd3 44. Kf3 Ra3 45. Bd7 Kf6 46. Bxf5 Ra1 47. Bg4 Rc1 48. Nd5+ Kf7 49. Bh5+ Kg7 50. Ne3 Kf6 51. Bg4 Kf7 52. Ke2 Rc3 53. Kd2 Ra3 54. f5 Kf6 55. h4 Ke5 56. h5 Kf4 57. f6 Ra2+ 58. Kd3 Ra3+ 59. Kc2 Kxe3 60. f7 Ra8 61. h6 Kf4 62. Be6 Ke5 63. Bd5 Rb8 64. Kd2 Kf6 65. Ke3 Kg6 66. Kf4 Kxh6 67. Kf5 Kg7 68. Ke6 Kf8 69. Kxd6 Rb2 70. Kxc5 Ke7 71. Kc6 Rb4 72. c5 Rb2 73. Kc7 Rb5 74. Kc6 Rb2 75. Bc4 Rb4 76. Be6 Re4 77. Kd5 Ra4 78. c6 Ra5+ 79. Ke4 Ra8 80. Bd5 Kd6 81. Kd4 Rf8 82. Kc4 Rxf7 83. Bxf7 Kxc6 1/2-1/2

[Event "LTU-ch"]
[Site "Vilnius"]
[Date "2017.02.25"]
[Round "1"]
[White "Viliamas, Dovydas"]
[Black "Kadonas, Kestutis"]
[Result "0-1"]
[WhiteElo "1176"]
[BlackElo "1843"]
[PlyCount "90"]
[EventDate "2017.02.25"]
[EventType "swiss"]
[EventRounds "9"]
[EventCountry "LTU"]
[SourceTitle "CBM 177 Extra"]
[Source "ChessBase"]
[SourceDate "2017.04.27"]
[SourceVersion "1"]
[SourceVersionDate "2017.04.27"]
[SourceQuality "1"]

1. d4 d6 2. e4 g6 3. Nf3 Nf6 4. Nc3 Bg7 5. Bf4 0-0 6. h3 Nbd7 7. Bc4 c5 8. e5 Nh5 9. Bh2 cxd4 10. Qxd4 Qa5 11. Qd5 Qb4 12. Qb5 Qxb5 13. Bxb5 Nxe5 14. Nxe5 dxe5 15. g4 Nf4 16. Bxf4 exf4 17. Nd5 e5 18. 0-0-0 Be6 19. Nc7 Rad8 20. Rxd8 Rxd8 21. Nxe6 fxe6 22. f3 Kf7 23. c3 a6 24. Be2 Bh6 25. Rd1 Rxd1+ 26. Kxd1 Bf8 27. Kc2 Bc5 28. Kd3 Ke7 29. Kc4 Kd6 30. b4 Be3 31. Kd3 Ke7 32. Ke4 Kd6 33. Kd3 Bf2 34. Kd2 Ke7 35. Bd3 Kf6 36. Bf1 Kg5 37. Ke2 Be3 38. c4 Kh4 39. a4 Kg3 40. c5 Bd4 41. Kd2 Kxf3 42. a5 e4 43. Bxa6 bxa6 44. c6 e3+ 45. Ke1 Bc3+ 0-1